Review of Korean economy 1970
Spremljeno u:
| Format: | Knjiga |
|---|---|
| Jezik: | Undetermined |
| Izdano: |
Korea
The Bank Of Korea
1970
|
| Teme: | |
| Oznake: |
Dodaj oznaku
Bez oznaka, Budi prvi tko označuje ovaj zapis!
|
| Thư viện lưu trữ: | Trung tâm Học liệu Trường Đại học Cần Thơ |
|---|
| LEADER | 00433nam a2200169Ia 4500 | ||
|---|---|---|---|
| 001 | CTU_92117 | ||
| 008 | 210402s9999 xx 000 0 und d | ||
| 082 | |a 330.9 | ||
| 082 | |b R454 | ||
| 245 | 0 | |a Review of Korean economy 1970 | |
| 260 | |a Korea | ||
| 260 | |b The Bank Of Korea | ||
| 260 | |c 1970 | ||
| 650 | |a korea | ||
| 650 | |x economic conditions | ||
| 904 | |i Mai Loan | ||
| 980 | |a Trung tâm Học liệu Trường Đại học Cần Thơ | ||